000 00431pab a2200169 454500
008 180718b2007 xxu||||| |||| 00| 0 eng d
100 _aPaliwal, A.K.
245 _aWholistic teacher education: a proposed new model
260 _c2007
300 _ap.11-12.
362 _a5 Feb
650 _aTeacher education
650 _aInservice teacher education
700 _aPassi, B.K.
773 _aUniversity News
909 _a73218
999 _c73218
_d73218